Mazepa : historický román /

Hlavní autor: Bulgarin, Faddej Venediktovič, 1789-1859
Jazyk: Čeština
Vydáno: Praha : J. Pospíšil, 1854
Témata:
Externí odkaz: Digitalizovaný dokument
Fyzický popis: 468 s. ; 8°
Knihy
Uloženo v:
LEADER 00869nam a22002412a 4500
001 000730861
003 CZ BrMZK
005 20040829095746.0
007 ta
008 040829s1854 xr er|||||||||||cze d
015 |a cnb001042661 
035 |a (OCoLC)85648622 
040 |a ABA001  |b cze  |c ABA001  |d ABA001  |d BOA001 
041 1 |a cze  |h rus 
100 1 |a Bulgarin, Faddej Venediktovič,  |d 1789-1859  |7 jo2002154011  |4 aut 
245 1 0 |a Mazepa :  |b historický román /  |c z rus. od Taddea Ven. Bulgarina ; přel. Fr. Pravoslav Volák 
260 |a Praha :  |b J. Pospíšil,  |c 1854 
300 |a 468 s. ;  |c 8° 
856 4 1 |u http://kramerius.nkp.cz/kramerius/handle/ABA001/12187637  |y Digitalizovaný dokument 
910 |a BOA001  |b 1-0019.890  |k k 
964 |a Bohemika - stol. 19. 
990 |a BK 
996 6 |b 2619251227  |c 1-0019.890  |l MZK  |r Sklad / do 1 hodiny  |n 2  |w 000730861  |u 000010  |a 1  |e BOA001  |j MZK50  |s P